Mots terminant par -or - Statistiques

Statistiques générales
  • Ce quiz a été pris 964 fois
  • Le résultat moyen est 12 sur 20
Statistiques - réponses
Définition Mot % Correct
Il est repéré par un X sur une carte de pirates {Trés}or
97%
Un genre de crocodilien {Alligat}or
91%
Rongeur, national au Canada {Cast}or
89%
Entre le trio et le quintette {Quatu}or
88%
Type de voix masculine la plus aiguë {Tén}or
83%
Sous-officier ou meilleur de la promo {Maj}or
82%
Il a plus de 60 ans, ou plus de 20 ans s'il est sportif {Séni}or
74%
Passage couvert pour aller d'une pièce à l'autre {Corrid}or
67%
Conquérant tel Cortès ou Pizarro {Conquistad}or
66%
Dans une prison, c'est une tour de garde {Mirad}or
66%
Grand vautour du Nouveau Monde {Cond}or
59%
Toile de fond qui habille et situe la scène au théâtre {Déc}or
59%
Race canine originaire du Canada {Labrad}or
56%
On le suit, pour sa sagesse et son expérience {Ment}or
52%
En mécanique, c'est la partie qui tourne {Rot}or
51%
C'est le cadet, ou un débutant {Juni}or
46%
Il soutient une équipe ou une action sportive {Spons}or
41%
C'est le torero qui peut tuer le taureau {Matad}or
35%
Développement rapide et fécond {Ess}or
28%
Mois le plus fruité du calendrier républicain {Fructid}or
16%
Aucun quiz correspondant
Distribution des résultats
% des personnes avec chaque résultat
Percentile par nombre de réponses
Votre historique - résultats
Vous n’avez pas pris ce quiz